|
|
|
|
| LEADER |
00921nab#a2200301#ar4500 |
| 001 |
000072971 |
| 003 |
SVKKK |
| 005 |
20030605xxxxxxx. |
| 008 |
06 c xo huno |
| FMT |
|
|
|
| 038 |
|
|
|a SVKKK
|
| 040 |
|
|
|a SVKKK
|b slo
|e AACR2
|
| 041 |
0 |
|
|a hun
|
| 044 |
|
|
|a xo
|c SK
|
| 080 |
|
|
|a 616.9
|
| 242 |
1 |
0 |
|a Epidémia šarlachu v našom meste
|
| 245 |
0 |
0 |
|a Vörheny járvány városunkban
|
| 500 |
|
|
|a mikrofilm
|
| 520 |
2 |
|
|a Výskyt šarlachu v Humennom v októbri roku 1908 - oi. ochorela aj riaditeľka dievčenskej meštianskej školy Mária Kovács.
|
| 650 |
0 |
4 |
|a šarlach (choroba infekčná) - Humenné - výskyt - október 1908 - správy
|
| 773 |
0 |
|
|t Felvidéki Hirlap : Közgazdasági, társadalmi és szépirodalmi hetilap
|g Roč. 1, č. 30 (04.10.1908) s. 3
|
| 957 |
|
|
|a Humenné
|
| 958 |
|
|
|a DG
|
| 958 |
|
|
|a SK
|
| 974 |
|
|
|a Ba
|d 20030605
|
| 992 |
|
|
|a RBX
|
| BAS |
|
|
|
| 998 |
|
|
|a RETRO
|